000 00690cam a22002411 4500
001 3874
003 BD-RjUL
005 20211208233808.0
008 131221s1966 enk b 001 0 eng d
035 _a(BD-RjUL)3908
040 _aDLC
_cDLC
_dDLC
_d(BD-RjUL)
_beng
041 _aeng
082 0 0 _a335.15
_bGLR
100 1 _aGlass, S. T.
_912368
245 1 4 _aThe responsible society :
_bthe ideas of the English guild socialist /
_c[by] S. T. Glass.
260 _aLondon :
_bLongmans,
_c1966.
300 _a[7], 79 p. ;
_c22 cm.
490 0 _aMonographs in politics
504 _aBibliography: p. [71]-75.
650 0 _aGuild socialism.
_911826
942 _2ddc
_cBK
999 _c3874
_d3874